De la Solidaritat al Catorze d'Abril (Record no. 188326)

MARC details
000 -LEADER
campo de control de longitud fija 00938nam a2200253 i 4500
001 - NÚMERO DE CONTROL
campo de control 188326
003 - IDENTIFICADOR DE NÚMERO DE CONTROL
campo de control SpMaBN
005 - FECHA Y HORA DE LA ÚLTIMA TRANSACCIÓN
campo de control 20251214063016.0
008 - DATOS DE LONGITUD FIJA--INFORMACIÓN GENERAL
campo de control de longitud fija 180807s1974 sp |||| | cat d
020 ## - NÚMERO INTERNACIONAL ESTÁNDAR DEL LIBRO
Número Internacional Estándar del Libro 84-7256-044-9
080 ## - NÚMERO DE LA CLASIFICACIÓN DECIMAL UNIVERSAL
Número de la Clasificación Decimal Universal 929 Corominas, Pedro
080 ## - NÚMERO DE LA CLASIFICACIÓN DECIMAL UNIVERSAL
Número de la Clasificación Decimal Universal 946.71"19"(093.32)
100 1# - ENTRADA PRINCIPAL--NOMBRE DE PERSONA
Nombre de persona Corominas, Pere,
Fechas asociadas al nombre 1870-1939
9 (RLIN) 234968
245 10 - MENCIÓN DEL TÍTULO
Título De la Solidaritat al Catorze d'Abril
Resto del título : segon volum dels Diaris i records de Pere Coromines /
Mención de responsabilidad, etc. edició a cura de Max Cahner i Joan Coromines.
260 ## - PUBLICACIÓN, DISTRIBUCIÓN, ETC.
Lugar de publicación, distribución, etc. Barcelona :
Nombre del editor, distribuidor, etc. Curial,
Fecha de publicación, distribución, etc. 1974.
300 ## - DESCRIPCIÓN FÍSICA
Extensión 521 p. ;
Dimensiones 18 cm.
490 1# - MENCIÓN DE SERIE
Mención de serie La mata de jonc ;
Designación de volumen o secuencia 4
651 #7 - PUNTO DE ACCESO ADICIONAL DE MATERIA--NOMBRE GEOGRÁFICO
Nombre geográfico Cataluña-
Subdivisión general Historia-
Subdivisión cronológica S.XX.
9 (RLIN) 151968
700 1# - ENTRADA AGREGADA--NOMBRE PERSONAL
Nombre de persona Cahner, Max.
9 (RLIN) 33448
700 1# - ENTRADA AGREGADA--NOMBRE PERSONAL
Nombre de persona Coromines, Joan,
Fechas asociadas al nombre 1905-1997
9 (RLIN) 40667
830 0# - PUNTO DE ACCESO ADICIONAL DE SERIE-TÍTULO UNIFORME
Título uniforme La mata de jonc ;
Designación de volumen o secuencia 4
9 (RLIN) 225677
852 ## - LOCALIZACIÓN
Ubicación ES-MaACL
Número de control de estantería L-32227
Nota libre . - Donat. herederos de la bibl. de Mª del Pilar Costa Palacín
Holdings
Estatus retirado Estado de pérdida Estado de daño No para préstamo Biblioteca de origen Biblioteca actual Ubicación en estantería Fecha de adquisición Fuente de adquisición Total de préstamos Signatura topográfica completa Código de barras Visto por última vez Precio de reemplazo Tipo de ítem Koha
        Biblioteca del Ateneo de Madrid Biblioteca del Ateneo de Madrid Depósito 2 07/08/2018     L-32227 1199200 23/02/2023 23/02/2023 Libro impreso